Pháp lệnh thuế thu nhập đối với người có thu nhập cao và văn bản hướng dẫn thi hành.

Sparad:
Bibliografiska uppgifter
Materialtyp: Sách giấy
Språk:Vietnamese
Publicerad: H. : Chính trị Quốc gia, 2004.
Taggar: Lägg till en tagg
Inga taggar, Lägg till första taggen!
Thư viện lưu trữ: Thư viện Trường Đại học Đà Lạt
LEADER 00679nam a2200277 4500
001 DLU120138264
005 ##20120725
040 # # |a DLU  |b vie 
041 # # |a vie 
044 # # |a vn 
082 # # |a 343.052  |b Pha 
245 # # |a Pháp lệnh thuế thu nhập đối với người có thu nhập cao và văn bản hướng dẫn thi hành. 
260 # # |a H. :  |b Chính trị Quốc gia,  |c 2004. 
300 # # |a 132 tr. ;  |c 22 cm. 
923 # # |a 01/2012LH 
991 # # |a SH 
992 # # |a 12500 
994 # # |a KLH 
900 # # |a True 
911 # # |a Đào Thị Thu Huyền 
925 # # |a G 
926 # # |a A 
927 # # |a SH 
980 # # |a Thư viện Trường Đại học Đà Lạt